Restoring financial flows to Latin America /

sin resumen

Gorde:
Xehetasun bibliografikoak
Erakunde egilea: Seminar "The Nineties: restoring financial flows for equitable development"
Beste egile batzuk: Iglesias, Enrique V. (Argitaratzailea), Emmerij, Louis (Argitaratzailea)
Formatua: Procedimiento de la Conferencia
Hizkuntza:Spanish
Argitaratua: París: Development Centre of the Organisation for Economic Co-operation and Development, 1991
Etiketak: Etiketa erantsi
Etiketarik gabe, Izan zaitez lehena erregistro honi etiketa jartzen!

MARC

LEADER 00000 a2200000 04500
003 cru CIDCACS/IIS
005 20240206144511.0
008 240206b |||||||| |||| 00| 0 spa d
020 |a 926413476X,  
020 |a 9789264134768 
040 |c cru CIDCACS/IIS 
090 |a 11038.00-02 
245 |a Restoring financial flows to Latin America /  |c Louis Emmerij, Enrique V. Iglesias, editores 
260 |a París:   |b Development Centre of the Organisation for Economic Co-operation and Development,   |c 1991 
300 |a 251 páginas 
520 |a sin resumen  
700 1 |a Iglesias, Enrique V.  |9 11240  |e editor 
700 1 |a Emmerij, Louis  |9 11871  |e Editor 
711 |a Seminar "The Nineties: restoring financial flows for equitable development"  |d (1990 noviembre 21-23)  |9 11874 
942 |2 ddc  |c LI 
999 |c 45483  |d 45483